000 00678nam a2200241 a 4500
005 20210219152903.0
008 991125n 000 0 eng u
035 _aUPN01000065230
222 0 _aBRAIN AND LANGUAGE
245 0 0 _aAuditory processing abilities in non-retarded adolescents and young aduts with developmental receptive language disorder and autism
260 _aEUA
300 _a613-622
362 0 _a1992 vol. 43, no. 4, nov.
653 0 _aAUTISMO
653 0 _aDRLD
653 0 _aEDUCACION ESPECIAL
653 0 _aLENGUAJE
653 0 _aMEMORIA
653 0 _aNIÑOS
653 0 _aPRUEBAS PSICOLOGICAS
904 _aAC
_b003041
905 _aArticulo
999 _c63008
_d63008